Central Library OPAC University of Rajshahi

Accounting: the basic for business decisions / (Record no. 61160)

MARC details
000 -LEADER
fixed length control field 00771nam a2200253 a 4500
001 - CONTROL NUMBER
control field 61160
003 - CONTROL NUMBER IDENTIFIER
rucl marc code BD-RjUL
005 - DATE AND TIME OF LATEST TRANSACTION
control field 20211209080928.0
008 - FIXED-LENGTH DATA ELEMENTS--GENERAL INFORMATION
fixed length control field 170115s1967 nyua 000 0 eng d
035 ## - SYSTEM CONTROL NUMBER
System control number (BD-RjUL)61284
040 ## - CATALOGING SOURCE
Original cataloging agency DLC
Transcribing agency DLC
Modifying agency (BD-RjUL)
Language of cataloging eng
041 ## - LANGUAGE CODE
Language code of text/sound track or separate title eng
082 00 - DEWEY DECIMAL CLASSIFICATION NUMBER
Classification number 657
Author mark and year MEA 1977
Edition number 23
100 1# - MAIN ENTRY--PERSONAL NAME
Personal name Meigs, Walter B.
9 (RLIN) 46799
245 00 - TITLE STATEMENT
Title Accounting: the basic for business decisions /
Statement of responsibility, etc. [by] Walter B. Meigs, Charles E. Johnson and Robert F. Meigs
250 ## - EDITION STATEMENT
Edition statement 4th ed.
260 ## - PUBLICATION, DISTRIBUTION, ETC. (IMPRINT)
Place of publication, distribution, etc. New York :
Name of publisher, distributor, etc. McGraw-Hill ,
Date of publication, distribution, etc. 1977.
300 ## - PHYSICAL DESCRIPTION
Pagination xix, 1034 p :
Illustrations ill. ;
Size 24 cm.
500 ## - GENERAL NOTE
General note Includes index
650 #0 - SUBJECT ADDED ENTRY--TOPICAL TERM
Topical term or geographic name as entry element Accounting.
9 (RLIN) 46800
700 1# - ADDED ENTRY--PERSONAL NAME
Personal name Johnson, Charles E.,
Dates associated with a name -1969,
Personal name Meigs, Robert F.
942 ## - ADDED ENTRY ELEMENTS (KOHA)
Source of classification or shelving scheme Dewey Decimal Classification
Koha item type Books
Holdings
Lost status Source of classification or shelving scheme Damaged status Not for loan Collection code Permanent Location Current Location Shelving location Date acquired Source of acquisition Total Checkouts Full call number Date last seen Copy number Koha item type
  Dewey Decimal Classification   Not For Loan Non-fiction Central Library, University of Rajshahi Central Library, University of Rajshahi Reading Room 25/05/1986 Asia foundation   657 MEA 1977 15/01/2017 C-1 Books
  Dewey Decimal Classification     Non-fiction Central Library, University of Rajshahi Central Library, University of Rajshahi   21/11/1992 Asia Foundation   657 MEA 1977 09/04/2019 C-2 Books